<?xml version="1.0" encoding="UTF-8"?>
<collection xmlns="http://www.loc.gov/MARC21/slim">
 <record>
  <leader>01251cas a2200301   4500</leader>
  <controlfield tag="001">00020941</controlfield>
  <controlfield tag="008">101027s2004    bg       w    000 0 eng d</controlfield>
  <datafield tag="040" ind1=" " ind2=" ">
   <subfield code="a">BD-DhAAL</subfield>
   <subfield code="c">BD-DhAAL</subfield>
   <subfield code="d">BD-DhAAL</subfield>
  </datafield>
  <datafield tag="082" ind1="0" ind2="0">
   <subfield code="a">348.5492/046</subfield>
   <subfield code="2">21</subfield>
  </datafield>
  <datafield tag="130" ind1="0" ind2=" ">
   <subfield code="a">DLR</subfield>
  </datafield>
  <datafield tag="222" ind1=" " ind2="0">
   <subfield code="a">The Dhaka Law Reports</subfield>
  </datafield>
  <datafield tag="245" ind1="0" ind2="4">
   <subfield code="a">The Dhaka Law Reports :</subfield>
   <subfield code="b">a monthly law journal /</subfield>
   <subfield code="c">founder editor :Obaidul Haque Chowdhury,chief editor :A Mountaquim Chaudhury, editor :Shahabuddin Ahmed.</subfield>
  </datafield>
  <datafield tag="246" ind1="1" ind2="7">
   <subfield code="a">The Dhaka Law Reports.</subfield>
  </datafield>
  <datafield tag="260" ind1=" " ind2=" ">
   <subfield code="a">Dhaka :</subfield>
   <subfield code="b">Dhaka Law Reports,</subfield>
   <subfield code="c">2004</subfield>
  </datafield>
  <datafield tag="362" ind1="0" ind2=" ">
   <subfield code="a">Vol.LVI,2004                                         </subfield>
  </datafield>
  <datafield tag="500" ind1=" " ind2=" ">
   <subfield code="a">&quot;A journal of law reports.&quot;</subfield>
  </datafield>
  <datafield tag="500" ind1=" " ind2=" ">
   <subfield code="a">Latest issue consulted: Vol.LVI,January to December,2004</subfield>
  </datafield>
  <datafield tag="590" ind1=" " ind2=" ">
   <subfield code="a">Published yearly.</subfield>
  </datafield>
  <datafield tag="541" ind1=" " ind2=" ">
   <subfield code="e">00020941</subfield>
  </datafield>
  <datafield tag="650" ind1=" " ind2="0">
   <subfield code="a">Law reports, digests, etc.</subfield>
   <subfield code="z">Bangladesh.</subfield>
  </datafield>
  <datafield tag="650" ind1=" " ind2="0">
   <subfield code="a">Law reports, digests, etc.</subfield>
   <subfield code="z">India</subfield>
   <subfield code="z">Bengal.</subfield>
  </datafield>
  <datafield tag="710" ind1="1" ind2=" ">
   <subfield code="a">Chowdhury,Obaidul Haque.</subfield>
  </datafield>
  <datafield tag="710" ind1="1" ind2=" ">
   <subfield code="a">Chaudhury,A Mountaquim.</subfield>
  </datafield>
  <datafield tag="710" ind1="1" ind2=" ">
   <subfield code="a">Ahmed,Shahabuddin.</subfield>
  </datafield>
  <datafield tag="852" ind1="4" ind2=" ">
   <subfield code="a">Ayesha Abed Library</subfield>
   <subfield code="j">General shelf </subfield>
  </datafield>
  <datafield tag="942" ind1="0" ind2="0">
   <subfield code="0">1</subfield>
  </datafield>
  <datafield tag="999" ind1=" " ind2=" ">
   <subfield code="c">9906</subfield>
   <subfield code="d">9906</subfield>
  </datafield>
  <datafield tag="952" ind1=" " ind2=" ">
   <subfield code="0">0</subfield>
   <subfield code="1">0</subfield>
   <subfield code="2">ddc</subfield>
   <subfield code="4">0</subfield>
   <subfield code="6">348_549204600000000_DHA_2004</subfield>
   <subfield code="7">0</subfield>
   <subfield code="9">12812</subfield>
   <subfield code="a">BRACUL</subfield>
   <subfield code="b">BRACUL</subfield>
   <subfield code="c">CIR</subfield>
   <subfield code="d">2010-10-28</subfield>
   <subfield code="l">15</subfield>
   <subfield code="o">348.5492046 DHA</subfield>
   <subfield code="p">3010020941</subfield>
   <subfield code="r">2019-07-25</subfield>
   <subfield code="s">2019-07-25</subfield>
   <subfield code="t">1</subfield>
   <subfield code="w">2010-10-28</subfield>
   <subfield code="y">1HOUR</subfield>
  </datafield>
 </record>
</collection>
